[Event "Barcelona Sant Marti op-B 23rd"]
[Site "Barcelona"]
[Date "2023.07.15"]
[Round "3"]
[White "Cuevas Baquero, Daniel"]
[Black "Munoz Esteve, Antoni"]
[Result "0-1"]
[WhiteElo "1479"]
[BlackElo "1703"]
[PlyCount "98"]
[EventDate "2023.07.13"]
[EventType "swiss"]
[EventRounds "9"]
[EventCountry "ESP"]
[SourceTitle "CBM 215 Extra"]
[Source "ChessBase"]
[SourceDate "2023.09.30"]
[SourceVersion "1"]
[SourceVersionDate "2023.09.30"]
[SourceQuality "1"]

1. e4 e5 2. Nf3 Nc6 3. Bc4 Be7 4. d4 d6 5. dxe5 dxe5 6. Qxd8+ Bxd8 7. Nc3 Nf6 8. Bg5 0-0 9. 0-0-0 Bg4 10. h3 Bxf3 11. gxf3 h6 12. Be3 a6 13. Rhg1 Kh7 14. Bc5 Be7 15. Bxe7 Nxe7 16. Nd5 Nexd5 17. Bxd5 c6 18. Bb3 Rae8 19. Rg2 Re7 20. a4 Nh5 21. Rdg1 g6 22. Kb1 Nf4 23. Rh2 Rd8 24. h4 Kg7 25. c3 Red7 26. Rhh1 Nd3 27. h5 g5 28. Rd1 Nxf2 29. Rxd7 Rxd7 30. Rh2 Nd3 31. Bc4 Ne1 32. Rf2 Rd1+ 33. Ka2 Nd3 34. Bxd3 Rxd3 35. Kb3 Rd1 36. Kc4 f5 37. Kc5 Kf7 38. Kb6 Rd7 39. c4 Ke6 40. b4 Rf7 41. Rd2 fxe4 42. fxe4 Rd7 43. Rxd7 Kxd7 44. Kxb7 g4 45. b5 axb5 46. a5 b4 47. a6 b3 48. a7 b2 49. a8Q b1Q+ 0-1

[Event "Barcelona Sant Marti op-B 23rd"]
[Site "Barcelona"]
[Date "2023.07.14"]
[Round "2"]
[White "Carrasco Pedro, Jose Maria"]
[Black "Cuevas Baquero, Daniel"]
[Result "0-1"]
[WhiteElo "1193"]
[BlackElo "1479"]
[PlyCount "62"]
[EventDate "2023.07.13"]
[EventType "swiss"]
[EventRounds "9"]
[EventCountry "ESP"]
[SourceTitle "CBM 215 Extra"]
[Source "ChessBase"]
[SourceDate "2023.09.30"]
[SourceVersion "1"]
[SourceVersionDate "2023.09.30"]
[SourceQuality "1"]

1. e4 e5 2. Bc4 Nf6 3. d3 d5 4. exd5 Nxd5 5. Ne2 Bc5 6. 0-0 0-0 7. a3 a5 8. Nbc3 c6 9. Nxd5 cxd5 10. Ba2 Nc6 11. Bd2 Bg4 12. c3 d4 13. c4 e4 14. Bb1 e3 15. fxe3 dxe3 16. Bc3 Nd4 17. Bxd4 Bxd4 18. Qc2 Bxe2 19. Qxe2 Qb6 20. Ra2 Rad8 21. Kh1 Rd6 22. Re1 Rh6 23. b3 Qd6 24. g3 Qxg3 25. Rg1 Qf2 26. Qxf2 exf2 27. Rf1 Re6 28. Raxf2 Bxf2 29. Rxf2 Re1+ 30. Kg2 Rxb1 31. Rf5 Rxb3 0-1